Sturgis Formation (Upper Pennsylvanian) : a new map unit in the western Kentucky coal field /

Bibliographic Details
Main Author: Kehn, Thomas M.
Format: Government Document Book
Language:English
Published: Washington : U.S. Govt. Print. Off, 1973.
Series:Geological Survey bulletin ; 1394-B.
Contributions to stratigraphy.
Subjects:

MARC

Tag First Indicator Second Indicator Subfields
LEADER 00000cam a2200000 4500
001 in00002396021
005 20151109061232.0
008 740304s1973 dcua b f000 0 eng
010 |a  73600237  
035 |a (OCoLC)ocm00835071 
040 |a DLC  |c DLC  |d BTCTA  |d TXA  |d UtOrBLW 
043 |a n-us-ky 
049 |a TXAM 
050 0 0 |a QE75  |b .B9 no. 1394-B  |a QE673 
082 0 0 |a 557.3/08 s  |a 551.7/52/09769 
086 0 |a I 19.3:1394-B 
100 1 |a Kehn, Thomas M. 
245 1 0 |a Sturgis Formation (Upper Pennsylvanian) :  |b a new map unit in the western Kentucky coal field /  |c by Thomas M. Kehn. 
264 1 |a Washington :  |b U.S. Govt. Print. Off,  |c 1973. 
300 |a iii, B1-B24 pages :  |b illustrations ;  |c 24 cm. 
336 |a text  |b txt  |2 rdacontent 
337 |a unmediated  |b n  |2 rdamedia 
338 |a volume  |b nc  |2 rdacarrier 
490 1 |a Geological Survey bulletin ;  |v 1394-B 
490 1 |a Contributions to stratigraphy 
504 |a Bibliography: p. B23-B24. 
650 0 |a Geology, Stratigraphic  |y Pennsylvanian. 
650 0 |a Geology, Stratigraphic  |v Nomenclature  |z Kentucky. 
830 0 |a Geological Survey bulletin ;  |v 1394-B. 
830 0 |a Contributions to stratigraphy. 
948 |a cataloged  |b h  |c 2008/05/29  |e pkellar  |f 4:25:42 pm 
994 |a C0  |b TXA 
999 |a MARS 
999 f f |s f56aae89-442f-32d7-8e3b-239b12735652  |i 97aba8a3-44c3-38e2-bdeb-3f6ad2b31150  |t 0 
952 f f |p normal  |a Texas A&M University  |b College Station  |c Sterling C. Evans Library  |d Evans: US Documents (Annex 5th floor)  |t 0  |e I 19.3:1392-1395-B  |h Superintendent of Documents classification  |i unmediated -- volume  |m A14838122477 
952 f f |a Texas A&M University  |b College Station  |c Sterling C. Evans Library  |d Evans: US Documents (Annex 5th floor)  |t 0  |e I 19.3:1392-1395-B  |h Superintendent of Documents classification 
998 f f |a I 19.3:1392-1395-B  |t 0  |l Evans: US Documents (Annex 5th floor)